| 000 | 00376pab a2200145 454500 | ||
|---|---|---|---|
| 008 | 180718b2005 xxu||||| |||| 00| 0 eng d | ||
| 100 | _aJha, Prakash C. | ||
| 245 | _aThe Brazilian experience of federalism | ||
| 260 | _c2005 | ||
| 300 | _ap.106-22. | ||
| 650 | _aFederalism - Brazil | ||
| 650 | _aFederalism | ||
| 773 | _aIndian Journal of Federal Studies | ||
| 909 | _a66093 | ||
| 999 |
_c66093 _d66093 |
||